000 00296nam a2200121Ia 4500
008 220204s9999 xx 000 0 und d
082 _a338.26
_bMIN
100 _aMINHAS, B S
245 0 _aPlanning and the poor
260 _aNew Delhi
_bS Chand
_c1978
650 _aEconomic planning
942 _cBK
999 _c28332
_d28332